| 000 | 00000nam##2200000za#4500 |
| 001 | 9.608017 |
| 003 | CaOODSP |
| 005 | 20210624213420 |
| 007 | cr ||||||||||| |
| 008 | 150406|2004||||xxc|||||o f|0| 0 fre|d |
| 040 | |aCaOODSP|bfre |
| 043 | |an-cn--- |
| 086 | 1 |aNH18-22/104-117F-PDF |
| 110 | 2 |aSociété canadienne d'hypothèques et de logement. |
| 245 | 10|aAnalyse de la performance des installations de ventilation de maisons neuves en Ontario |h[ressource électronique] |
| 260 | |aOttawa - Ontario : |bSociété canadienne d'hypothèques et de logement |cc2004. |
| 300 | |a4p.|bfigure, tableau |
| 490 | 1 |aLe point en recherche. Série technique |v04-117 |
| 500 | |aFichier reproduit à partir de l'original imprimé. |
| 590 | |a14-20-Supp|b2014-11-25 |
| 775 | 08|tAnalysis of ventilation system performance in new Ontario houses |w(CaOODSP)9.581169 |
| 776 | 0#|tAnalyse de la performance des installations de ventilation de maisons neuves en Ontario |w(CaOODSP)9.626713 |
| 830 | #0|aLe point en recherche. Série technique ;|v04-117|w(CaOODSP)9.501067 |
| 856 | 40|ahttp://publications.gc.ca|qPDF|s329 Ko|uhttps://publications.gc.ca/collections/collection_2014/schl-cmhc/NH18-22-104-117-fra.pdf|y04-117 |